Asian Capital per Letter Quiz Stats

Quiz Updated Mar 7, 2017

Challenge
Share
Tweet
Embed
Score 0/16 Timer 03:00
4 Plays Today
Letter Sample Capital % Correct
BBaghdad
98.1%
TTokyo
94.4%
JJakarta
89%
SSan‘a’
89%
MMale
88.6%
AAbu Dhabi
85.9%
KKabul
83.5%
DDamascus
81.6%
Letter Sample Capital % Correct
HHanoi
76.5%
NNew Delhi
75.2%
PPhnom Penh
74%
IIslamabad
72.6%
UUlaanbaatar
67.7%
RRiyadh
63.1%
YYerevan
53%
VVientiane
49.6%

You're not logged in!

Compare scores with friends on all Sporcle quizzes.
Sign Up with Email
OR
Log In

You Might Also Like...

Show Comments

Extras

Top Quizzes Today


Score Distribution

Your Account Isn't Verified!

In order to create a playlist on Sporcle, you need to verify the email address you used during registration. Go to your Sporcle Settings to finish the process.